000 00931akm a2200325a 44500
008 120119s2011 cat
041 _acat
041 _beng
041 _bspa
110 _aTERMCAT
_960609
245 _aVocabulari bàsic del criquet
_h[tríptic]
_cTERMCAT, Centre de Terminologia
260 _a[Barcelona]
_bTERMCAT, Centre de Terminologia
260 _bUnió de Federacions Esportives de Catalunya
_c2011
300 _a1 tríptic.
_bil.
500 _aNotes
500 _btermcat
520 _a47
546 _acatalà
591 _aCRIQUET
592 _aObra terminològica
593 _aVKP
594 _a8049
650 _acriquet
_971329
856 _uhttps://www.termcat.cat/ca/recursos/productes-multimedia/vocabulari-basic-del-criquet
901 _c[<2011>]
902 _a120119
942 _cMO
_n0
_2ddc
999 _c62175
_d62175